[Event "Lvov Ivanchuk School-ch"]
[Site "Lvov"]
[Date "2017.10.15"]
[Round "7"]
[White "Pakholkiv, Dmytro"]
[Black "Lebedeva, Valeriya"]
[Result "1-0"]
[WhiteElo "1464"]
[BlackElo "1522"]
[PlyCount "123"]
[EventDate "2017.10.13"]
[EventType "swiss"]
[EventRounds "9"]
[EventCountry "UKR"]
[SourceTitle "CBM 181 Extra"]
[Source "ChessBase"]
[SourceDate "2017.12.12"]
[SourceVersion "1"]
[SourceVersionDate "2017.12.12"]
[SourceQuality "1"]

1. b3 Nf6 2. Bb2 d5 3. e3 e6 4. Nf3 Bd6 5. c4 Nbd7 6. cxd5 exd5 7. Be2 0-0 8. 0-0 c6 9. Qc2 Qc7 10. Nc3 Ne5 11. Nxe5 Bxe5 12. f4 Bd6 13. Rac1 a6 14. Na4 Be7 15. Bd3 h6 16. Rf3 Nh5 17. Nc3 Bg4 18. Nxd5 Qd6 19. Nxe7+ Qxe7 20. Rf2 Rad8 21. Bf5 Bxf5 22. Qxf5 g6 23. Qh3 f5 24. g4 fxg4 25. Qxg4 Kh7 26. Rg2 Qf7 27. Rf1 Qf5 28. Qxf5 Rxf5 29. Rc1 Rfd5 30. Rd1 Ng7 31. e4 Ra5 32. a3 Rb5 33. b4 c5 34. Bxg7 Kxg7 35. bxc5 Rxc5 36. f5 g5 37. h4 Kf6 38. d4 Rc4 39. hxg5+ hxg5 40. Rgd2 Rc3 41. Rd3 Rc4 42. Kf2 Re8 43. Kf3 Rh8 44. Kg3 Re8 45. Re3 Rd8 46. d5 Ke5 47. Rde1 Kf6 48. Rb1 b5 49. Rb4 Rc1 50. Kg4 Rg1+ 51. Rg3 Rxg3+ 52. Kxg3 Rh8 53. a4 Rh4 54. d6 a5 55. Rd4 b4 56. d7 Rh8 57. d8Q+ Rxd8 58. Rxd8 Ke5 59. Rd5+ Kxe4 60. Rxa5 b3 61. f6 b2 62. Rb5 1-0

[Event "Lvov Ivanchuk School-ch"]
[Site "Lvov"]
[Date "2017.10.14"]
[Round "6"]
[White "Lebedeva, Valeriya"]
[Black "Krokhina, Sofiya"]
[Result "1-0"]
[WhiteElo "1522"]
[BlackElo "1167"]
[PlyCount "123"]
[EventDate "2017.10.13"]
[EventType "swiss"]
[EventRounds "9"]
[EventCountry "UKR"]
[SourceTitle "CBM 181 Extra"]
[Source "ChessBase"]
[SourceDate "2017.12.12"]
[SourceVersion "1"]
[SourceVersionDate "2017.12.12"]
[SourceQuality "1"]

1. e4 e5 2. Nf3 Nc6 3. Bc4 Bc5 4. b4 Bb6 5. c3 d6 6. a4 a6 7. d3 Bg4 8. Qb3 Be6 9. Bxe6 fxe6 10. Qxe6+ Qe7 11. Ng5 h6 12. Qxe7+ Ngxe7 13. Nf3 Ba7 14. Be3 g5 15. Bxa7 Nxa7 16. Nbd2 Ng6 17. g3 g4 18. Ng1 Nc6 19. Ne2 0-0-0 20. f4 gxf3 21. Nxf3 Rhf8 22. 0-0 Rg8 23. b5 Nb8 24. Kh1 a5 25. c4 b6 26. d4 exd4 27. Nfxd4 Nd7 28. Nc6 Rde8 29. Nc3 Nge5 30. Nd5 Rg4 31. Rfe1 Nxc4 32. Nde7+ Kb7 33. Rac1 Nc5 34. Rxc4 Rf8 35. Kg2 h5 36. Rf1 Rh8 37. Rf4 Rg7 38. Nf5 Rg6 39. Nce7 Re6 40. Nc6 Nd3 41. Rh4 Rg8 42. Nfe7 Rh8 43. Rxh5 Rxh5 44. Nd8+ Kb8 45. Nxe6 Nc5 46. Nxc5 dxc5 47. Nc6+ Kc8 48. e5 Kd7 49. Re4 Ke6 50. g4 Rh8 51. g5 Rg8 52. h4 Rg6 53. Kg3 Kd5 54. Ne7+ Kxe4 55. Nxg6 Kf5 56. h5 c4 57. Nf4 c3 58. Ne2 Kxe5 59. Nxc3 Kf5 60. g6 Kg5 61. Ne4+ Kxh5 62. g7 1-0